000 01758cam a2200205 4500500
005 20260329020340.0
041 _afre
042 _adc
100 1 0 _aBoyer, Paul
_eauthor
700 1 0 _aSpéranski, Nikolas
_eauthor
700 1 0 _aTolstoï, Léon
_eauthor
700 1 0 _aGanzha, Kirill
_eauthor
700 1 0 _aSpéranski, Nicolas
_eauthor
700 1 0 _aHernu, Jean-Brice
_eauthor
700 1 0 _aBezhentseva, Tamara
_eauthor
245 0 0 _aManuel pour l'étude de la langue russe
260 _bArmand Colin,
_c2024.
520 _aL’apprentissage du russe offre au débutant des difficultés comparables à celles qui rendent malaisé l’abord des langues anciennes, notamment une morphologie complexe, une grande liberté syntaxique et une richesse incomparable du vocabulaire. L’usage de méthodes progressives standard, de grammaires pratiques ou de dictionnaires tiendront longtemps l’étudiant à l’écart de la langue réelle, au risque de le décourager. Ce manuel exceptionnel, régulièrement édité de 1905 à 1967 et rédigé par le maître de la linguistique slave en France, propose à l’étudiant en possession des bases les plus élémentaires de la langue de progresser dans la maîtrise réelle de cette dernière par la lecture commentée mot à mot de 33 textes de Tolstoï, 32 contes et une nouvelle, classés selon une difficulté croissante. Cette édition, intégralement revue et mise à jour, tient compte de l’évolution de la langue et de la civilisation russes. Des compléments à ce manuel sont téléchargeables à l'adresse suivante : https://www.dunod.com/EAN/9782200635541
856 4 1 _uhttps://shs.cairn.info/manuel-pour-l-etude-de-la-langue-russe--9782200635541?lang=fr&redirect-ssocas=7080
999 _c1905604
_d1905604